000 00595nam a2200205 i 4500
001 bg
100 1 _aKOT, Zenon
245 1 0 _aEkonomika chowu bydła :
_bskrypt dla studentów Wydziału Zootechnicznego /
_cZenon Kot.
250 _a[Wyd. 2].
260 _aLublin :
_bWydaw. Akademii Rolniczej,
_c1988.
300 _a102 s. :
_bwykr. ;
_c24 cm.
504 _aBibliogr. przy rozdz.
650 9 _aBydło
_xhodowla
_xekonomika
655 _aPodręczniki akademickie
040 _cBPK
041 0 _apl
080 _a636.2.003(075.8)
942 _cKS
008 s pl f |000 0 pol
999 _c25044
_d25044
856 _uhttp://koha.tu.koszalin.pl/cgi-bin/koha/opac-detail.pl?biblionumber=25044
_yKatalog online BPK